| 000 | 00335nam a2200109Ia 4500 | ||
|---|---|---|---|
| 008 | 171204s9999 xx 000 0 und d | ||
| 245 | _aDigital Revolution Uncertainty: | ||
| 245 | _cAndr? Vitalis | ||
| 260 | _c2016 | ||
| 650 | _xDIGITAL INFORMATION AND COMMUNICATION DEVELOPMENT | ||
| 856 | _uhttp://down.ebook777.com/051/1786300869.pdf | ||
| 999 |
_c346298 _d346298 |
||